Eco-towns (Record no. 109960)

MARC details
000 -LEADER
fixed length control field 01624cad a22002655a 4500
001 - CONTROL NUMBER
control field L148219
008 - FIXED-LENGTH DATA ELEMENTS--GENERAL INFORMATION
fixed length control field 090819s20090817xxk f f000 0 eng d
020 ## - INTERNATIONAL STANDARD BOOK NUMBER
International Standard Book Number 9781409818021
035 ## - SYSTEM CONTROL NUMBER
System control number (Sirsi) u148219
041 0# - LANGUAGE CODE
Language code of text/sound track or separate title eng
050 04 - LIBRARY OF CONGRESS CALL NUMBER
Classification number 333.72 $2 18
110 2# - MAIN ENTRY--CORPORATE NAME
Corporate name or jurisdiction name as entry element United Kingdom
Subordinate unit Department for Communities and Local Government
9 (RLIN) 4939
245 00 - TITLE STATEMENT
Title Eco-towns
Remainder of title allocations from the eco-towns fund, consultation
Medium [electronic resource]
260 ## - PUBLICATION, DISTRIBUTION, ETC.
Place of publication, distribution, etc. London
Name of publisher, distributor, etc. DCLG
Date of publication, distribution, etc. 2009
505 2# - FORMATTED CONTENTS NOTE
Formatted contents note Introduction -- Eco-towns: the objectives -- Role of the Homes and Communities Agency on eco-towns -- The Growth Fund: background -- The role of the Programme of Development (PoD) -- Content of the eco-town Programme of Development (PoD) -- Improving the assessment questions -- Calculating eco-towns fund allocations -- Funding methodology -- Available funding -- Annex 1: Questions for the assessment of eco-town Programmes of Development -- Annex 2: Supporting documents
520 ## - SUMMARY, ETC.
Summary, etc. Sets out proposals for how the £60m eco-towns fund might be allocated for the 2009-2011 period. Includes guidance on the preparation of an Eco-Town Programme of Development to support bids for funding.
520 ## - SUMMARY, ETC.
Summary, etc. Deadline for comments is 25 September 2009.
521 ## - TARGET AUDIENCE NOTE
Target audience note Advanced
590 ## - LOCAL NOTE (RLIN)
Local note KA NTK
650 24 - SUBJECT ADDED ENTRY--TOPICAL TERM
Topical term or geographic name entry element ECO-TOWNS
651 #4 - SUBJECT ADDED ENTRY--GEOGRAPHIC NAME
Geographic name England and Wales
Chronological subdivision 1543-
690 ## - LOCAL SUBJECT ADDED ENTRY--TOPICAL TERM (OCLC, RLIN)
Topical term or geographic name as entry element ENVIRONMENTAL AND LAND CONSULTANCY-SUSTAINABILITY-SUSTAINABLE DEVELOPMENT
856 40 - ELECTRONIC LOCATION AND ACCESS
Uniform Resource Identifier <a href="https://www.communities.gov.uk/publications/planningandbuilding/allocationfundecotowns">https://www.communities.gov.uk/publications/planningandbuilding/allocationfundecotowns</a>
Public note View the consultation free of charge at www.communities.gov.uk...
942 ## - ADDED ENTRY ELEMENTS (KOHA)
Suppress in OPAC 0
Holdings
Withdrawn status Lost status Source of classification or shelving scheme Damaged status Not for loan Home library Current library Shelving location Date acquired Total Checkouts Full call number Barcode Date last seen Copy number Price effective from Koha item type
    Dewey Decimal Classification     Virtual Virtual Online 19/08/2009   ONLINE PUBLICATION 148219-2001 06/08/2019 1 06/08/2019 Book